| 000 | 01607 a2200229 4500 | ||
|---|---|---|---|
| 001 | 28250 | ||
| 005 | 20260407155554.0 | ||
| 008 | 260407a2014 arg spa d | ||
| 003 | AR-UNSa-BCEJYS | ||
| 040 |
_aAR-UNSa-BCEJYS _bspa _cAR-UNSa-BCEJYS |
||
| 080 |
_a338.1(728) _xSituación económica. Ciclos. Desarrollo de la estructura económica en los Estados de América Central |
||
| 245 | 1 | 0 |
_aCambio estructural y crecimiento en Centroamérica y la República Dominicana _pun balance de dos décadas, 1990-2011 |
| 020 | _a978-92-1-121852-7 | ||
| 264 | 1 |
_aSantiago de Chile : _bCEPAL (Comisión Económica para América Latina y el Caribe) _c2014 |
|
| 300 |
_a391 p. _c22 cm. |
||
| 505 | _a1. El actual contexto económico mundial: ¿dejar atrás o volver a enfrentar la crisis financiera internacional? - 2. Crecimiento y estabilización económica en Centroamérica y la República Dominicana en 1990-2011 - 3. Mercado de trabajo, desigualdad y pobreza - 4. Inserción internacional y cambio estructural en Centroamérica y la República Dominicana - 5. La balanza de pagos y el crecimiento económico de Centroamérica y la República Dominicana - 6. Política macroeconómica: principales instrumentos y objetivos - 7. Reflexiones sobre una política macroeconómica para el desarrollo | ||
| 942 | _cBK | ||
| 590 | _aniveau_biblio:m niveau_hierar:0 | ||
| 100 | 1 | _aBeteta, Hugo E. | |
| 700 | 1 | _aMoreno-Brid, Juan Carlos | |
| 856 | 4 | 1 |
_uhttps://biblioeco.unsa.edu.ar/pmb/images/libros/Cambio estructural y crecimiento en Centroamerica y la Republica Dominicana-l119998.jpg _yImagen de portada _qimage/jpeg |
| 999 |
_c1681 _d1681 |
||